[Event "Pavlodar op"]
[Site "Pavlodar"]
[Date "2017.11.23"]
[Round "4"]
[White "Iskakov, Aman"]
[Black "Zhaken, Maksat"]
[Result "1-0"]
[WhiteElo "1647"]
[BlackElo "1453"]
[PlyCount "49"]
[EventDate "2017.11.21"]
[EventType "swiss"]
[EventRounds "9"]
[EventCountry "KAZ"]
[SourceTitle "EXT 2019"]
[Source "ChessBase"]
[SourceDate "2018.10.10"]
[SourceVersion "1"]
[SourceVersionDate "2018.10.10"]
[SourceQuality "1"]

1. e4 e5 2. Nf3 Nc6 3. Bc4 Nd4 4. c3 Nxf3+ 5. Qxf3 Nf6 6. h3 a6 7. d4 d6 8. Bg5 Be7 9. Nd2 b5 10. Bxf6 Bxf6 11. Bd5 Rb8 12. dxe5 dxe5 13. Rd1 0-0 14. Nb3 Qe7 15. Na5 Bd7 16. Bc6 Be6 17. Bd5 Rb6 18. 0-0 Bg5 19. Rd3 Bf4 20. Rfd1 Qg5 21. Nb3 f5 22. Bxe6+ Rxe6 23. Nc5 Rg6 24. Kf1 fxe4 25. Nxe4 1-0

[Event "Pavlodar op"]
[Site "Pavlodar"]
[Date "2015.12.13"]
[Round "7"]
[White "Zhaken, Maksat"]
[Black "Papurin, Yury"]
[Result "0-1"]
[WhiteElo "1543"]
[BlackElo "1642"]
[PlyCount "68"]
[EventDate "2015.12.07"]
[EventType "swiss"]
[EventRounds "10"]
[EventCountry "KAZ"]
[SourceTitle "EXT 2017"]
[Source "ChessBase"]
[SourceDate "2016.10.25"]
[SourceVersion "1"]
[SourceVersionDate "2016.10.25"]
[SourceQuality "1"]

1. e4 c5 2. Nf3 d6 3. Bc4 e6 4. Nc3 a6 5. a3 b5 6. Ba2 Bb7 7. d3 Nf6 8. Bg5 Be7 9. 0-0 0-0 10. Qd2 Nbd7 11. Rad1 h6 12. Bh4 Rc8 13. Rfe1 Qc7 14. Bg3 e5 15. Nd5 Nxd5 16. Bxd5 Bxd5 17. exd5 Nb6 18. c3 f5 19. h3 f4 20. Bh2 Qb7 21. d4 cxd4 22. cxd4 Bf6 23. dxe5 dxe5 24. Nxe5 Bxe5 25. Rxe5 Nc4 26. Qd4 Nxe5 27. Qxe5 Rce8 28. Qd4 g5 29. h4 Qe7 30. Kh1 Qe4 31. Qxe4 Rxe4 32. hxg5 hxg5 33. d6 Rd8 34. d7 Kf7 0-1

[Event "Pavlodar op"]
[Site "Pavlodar"]
[Date "2015.12.09"]
[Round "4"]
[White "Zulfukharov, Medet"]
[Black "Zhaken, Maksat"]
[Result "1-0"]
[WhiteElo "1320"]
[BlackElo "1543"]
[PlyCount "57"]
[EventDate "2015.12.07"]
[EventType "swiss"]
[EventRounds "10"]
[EventCountry "KAZ"]
[SourceTitle "EXT 2017"]
[Source "ChessBase"]
[SourceDate "2016.10.25"]
[SourceVersion "1"]
[SourceVersionDate "2016.10.25"]
[SourceQuality "1"]

1. c4 e5 2. Nc3 Nf6 3. Nf3 Nc6 4. g3 Bc5 5. Bg2 d6 6. 0-0 0-0 7. e3 Bg4 8. Qb3 Bf5 9. a3 Bd3 10. Re1 Na5 11. Qa4 Nxc4 12. b4 Bb6 13. Qb3 a5 14. b5 a4 15. Nxa4 e4 16. Ng5 h6 17. Nh3 c6 18. bxc6 bxc6 19. Nb2 Rb8 20. Nxd3 Bd4 21. Qxc4 Bxa1 22. Nb4 Qd7 23. d3 d5 24. Qc2 exd3 25. Nxd3 Ne4 26. Nhf4 Bc3 27. Rd1 Ba5 28. Bxe4 dxe4 29. Nc5 1-0